000 00267nam a2200109Ia 4500
005 20251222114405.0
008 251222s1900||||xx |||||||||||||| ||spa||
082 _aDVD0070/D25/1999
245 0 _aMilagros inesperados
264 _bCastle Rock Entertainment
942 _cDVD
999 _c1812
_d1812